00662nam a2200169 a 450000100100000000500170001000800410002704000250006810000310009324501270012426000350025130000210028670000310030770000320033895201050037099900170047500004035220201002034058.0130822s2004 sp 000 0 spa d aDO-SdBNPbspacBNPHU1 aBlanco Ibañez, V.96664913aEl libro de las mil noches y una noche /cV. Blanco Ibañez ; traductor J. C. Mardrus ; prólogo de E. Gómez Carrillo. aValencia :bPrometeo,c[196?]. a245 p. ;c19 cm.1 aMardrus, J. C.etr.9666501 aGómez Carrillo, E.966651 001050718MOaGRbGRcCTd2013-08-22iLF1l0o p40352-10r2020-06-25w2020-06-25y1ZNo se presta c39842d39842